Innovatív marketing megoldások a vendéglátó rendezvényeken
| Main Author: | |
|---|---|
| Other Authors: | |
| Format: | Thesis |
| Kulcsszavak: | innováció marketing rendezvényszervezés szervezés vendéglátás |
| Online Access: | http://dolgozattar.uni-bge.hu/59655 |
MARC
| LEADER | 00000nta a2200000 i 4500 | ||
|---|---|---|---|
| 001 | dolg59655 | ||
| 005 | 20260409145356.0 | ||
| 008 | 260409suuuu hu om 000 hun d | ||
| 040 | |a BGE Dolgozattár Repozitórium |b hun | ||
| 041 | |a hu | ||
| 100 | 1 | |a Horváth Bence Bálint | |
| 245 | 1 | 0 | |a Innovatív marketing megoldások a vendéglátó rendezvényeken |c Horváth Bence Bálint |h [elektronikus dokumentum] |
| 520 | 3 | |a A szakdolgozat az innovatív marketingmegoldások szerepét vizsgálja a vendéglátó rendezvények szervezésében. Célja annak feltárása, hogyan alkalmazhatók a digitális eszközök, a közösségi média, az élményalapú kommunikáció, valamint a mesterséges intelligencia a vendégélmény fokozása és a versenyképesség növelése érdekében. A dolgozat kvalitatív kutatási módszerekkel – interjúkkal, tartalomelemzéssel és kérdőíves felméréssel – térképezi fel a gyakorlatban alkalmazott marketingstratégiákat, különös figyelmet fordítva a fenntarthatóságra és az ételérzékenységgel élők kiszolgálására. Az eredmények gyakorlati ajánlásokkal zárulnak a rendezvényszervezők számára. | |
| 695 | |a innováció | ||
| 695 | |a marketing | ||
| 695 | |a rendezvényszervezés | ||
| 695 | |a szervezés | ||
| 695 | |a vendéglátás | ||
| 700 | 1 | |a Fekete-Frojimovics Dr. Zsófia |e ths | |
| 856 | 4 | 0 | |u http://dolgozattar.uni-bge.hu/59655/1/Szakdolgozat.pdf |z Dokumentum-elérés |
| 856 | 4 | 0 | |u http://dolgozattar.uni-bge.hu/59655/2/Horv%C3%A1th%20Bence%20B%C3%A1lint_b%C3%ADr%C3%A1lat.pdf |z Dokumentum-elérés |
| 856 | 4 | 0 | |u http://dolgozattar.uni-bge.hu/59655/3/Szakdolgozat%20b%C3%ADr%C3%A1lat_Horv%C3%A1thBB_vlrend.pdf |z Dokumentum-elérés |